000 00428nam a22001817a 4500
003 koha_MIRAKIL
005 20231213095457.0
008 231213b |||||||| |||| 00| 0 ||| d
020 _b978-9-75434187-4
040 _aTR-IsEVY
_btur
_cTR-IsEVY
082 _a800 IST/H
100 _aISTRATI, PANAIT.
245 0 _aHAYAT YOLLARINDA.
260 _bVarlık,
_c2007
300 _a111.
650 _aEdebiyat.
942 _2ddc
_cBK
999 _c4271
_d4271